Регионална библиотека "Любен Каравелов" - Русе

Стихотворения (Запис номер 182103)

MARC детайли
000 -Лидер
Контролно поле с фиксирана дължина 00859nam a2200265 c 4500
003 - Код на организацията, давaща контролен номер
Контролно поле BLK
005 - Дата и час на последна редакция
Контролно поле 20220614145447.0
008 - Елементи от данни с фиксирана дължина
fixed length control field 180411b bul|||||r ||||||| ||bul||
010 ## - Наследен системен номер
LC control number KNG00191026000
040 ## - Източник на каталожния запис
Идентификатор на билиотеката - собственик на записа BLK
041 ## - Код за език
Код за езика на текст/звукозапис или на отделно заглавие Български
Код за езика КДБФ Български
080 ## - УДК
Текстов определител УДК Българска литература
УДК код - определител по УДК 821.163.2
УДК определител -1
УДК - код + определител 821.163.2-1
100 1# - Редна дума - Автор
Автор Давидков, Иван Иванов
Авторска отговорност първи автор
R(LIN) 381070
139 ## - Редно поле
Редна дума Давидков, Иван Иванов
Авторски знак Дав - Д 13
245 10 - Сведения за заглавието
Заглавие Стихотворения
Редно поле (дума) Иван Иванов Давидков.
257 ## - Страна на издаване
Страна на създаване/издаване България
260 ## - Област на издателските данни
Място на издаване, разпространение и проч. София
Име на издателя, разпространителя и проч. Нар. култура
Година на издаване 1968
300 ## - Физическа характеристика
Страници 148 с. с.
Размери/Мащаб 20 см
380 ## - Жанр
Жанр Худож. лит.
852 ## - Местоположение
Форматна сигнатура Цб 45563
856 4# - Електронен адрес и достъп
Електронен формат pdf - файл
856 4# - Електронен адрес и достъп
Електронен формат pdf - файл
999 ## - СИСТЕМНИ КОНТРОЛНИ НОМЕРА
Koha biblionumber 182103
Koha biblioitemnumber 182103
942 ## - АРТИКУЛИ
Вид на библиотечния материал Книги
Скрит в OPAC Не
Периодичен библиозапис Да
944 ## - СЪЗДАВАНЕ И РЕДАКЦИЯ на ЗАПИСА
Създаване/Редакция Създаване
Дата на регистрацията/редакция 29.09.2016
Служител, извършил регистрацията/редакцията Ирена_Линкова
944 ## - СЪЗДАВАНЕ И РЕДАКЦИЯ на ЗАПИСА
Създаване/Редакция Редакция
Дата на регистрацията/редакция 2022-06-14
Служител, извършил регистрацията/редакцията Христина Везирева
999 ## - СИСТЕМНИ КОНТРОЛНИ НОМЕРА
Koha biblioitemnumber 182103
Наличности
Код за отписване Код за изгубен артикул Източник на класификационната схема Код за повреда Коз за рестрикции Код за отдаване Артикулен № Име на библиотеката - собственик Име на библиотеката, в която се намира в момента Статус (Текущо местоположение) Дата на вписване в системата Местоположение - отдел Цена в лева Инвентарен номер Систематично азбучна сигнатура Баркод Номер на екземпляра Цена в евро Служебна бележка Служебен тип на артикула
  Не е изгубен Universal Decimal Classification Не е повреден без рестрикции ползва се в читалня 312247 Регионална библиотека "Любен Каравелов" Русе Регионална библиотека "Любен Каравелов" Русе Хранилище 1968-01-01 Хранилище 1.31 17785/68 Цб 45563 900000101544 1 0.67 Дост: Dp Вид: Д N: сф Дата: 01.01.1968 Книги
Изтеглен Не е изгубен Universal Decimal Classification Не е повреден без рестрикции заемане за дома 312248 Регионална библиотека "Любен Каравелов" Русе Регионална библиотека "Любен Каравелов" Русе Заемна - подръчен фонд 1968-01-01 Заемна - подръчен фонд 0.00 16297/68 П 886.7-1/Д 13 16297/68 2 0.00 Дост: Pk Вид: Ф N: сф Дата: 01.01.1968 Книги
Vip Innovations Ltd, Rousse, Bulgaria 2025